大阪・梅田駅から出ている最も多い行き先 - Statistics

General Stats
  • This quiz has been taken 285 times
  • The average score is 8 of 12
Answer Stats
Question Answer % Correct
JR在来線特急(地下ホーム) 関西空港
88%
JRおおさか東線 久宝寺
80%
JR大阪環状線(内回り) 環状運転
79%
阪急京都線 京都河原町
73%
Osaka Metro御堂筋線(南行き) なかもず
73%
Osaka Metro御堂筋線(北行き) 箕面萱野
63%
阪急宝塚線 宝塚
62%
JR宝塚線 新三田
60%
阪神本線 高速神戸
59%
JR京都線 高槻
45%
JR神戸線 姫路
40%
阪急神戸線 新開地
31%
No matching quizzes found
Score Distribution
Percent of People with Each Score
Percentile by Number Answered
Your Score History
You have not taken this quiz